Um sorriso chamado Luiz (Record no. 133068)

MARC details
000 -LÍDER
campo de controle de tamanho fixo 00494 a2200205 4500
001 - NÚMERO DE CONTROLE
campo de controle 133068
020 ## - ISBN - INTERNATIONAL STANDARD BOOK NUMBER
ISBN - International Standard Book Number 85-06-01084-5
040 ## - FONTE DA CATALOGAÇÃO
Instituição que transcreveu o registro Leonardo Da Vinci
041 ## - CÓDIGO DE IDIOMA
Código do idioma do texto/trilha sonora ou título diferente Português
082 ## - CDD - CLASSIFICAÇÃO DECIMAL DE DEWEY
Número de Classificação I P732s
Número do exemplar P732s
100 ## - ENTRADA PRINCIPAL--NOME PESSOAL
Nome pessoal PINTO, Ziraldo Alves
245 ## - TÍTULO
Título Um sorriso chamado Luiz
250 ## - EDIÇÃO
Edição 8.ed
260 ## - PUBLICAÇÃO, DISTRIBUIÇÃO, ETC.
Nome do editor, distribuidor, etc. Melhoramentos
Data da publicação, distribuição, etc. 1987
Local de publicação, distribuição, etc. São Paulo
300 ## - DESCRIÇÃO FÍSICA
Extensão 25
362 ## - DATAS DE PUBLICAÇÃO E/OU DESIGNAÇÃO SEQUENCIAL
Datas de publicação e/ou designação sequencial 19870000
490 ## - TÍTULO DA SÉRIE
Título da série Corpim
697 ## - ENTRADA DE ASSUNTO LOCAL--ENTIDADE COLETIVA (RLIN)
Nome corporativo ou nome da jurisdição Literatura infantil
-- Literatura infanto juvenil
942 ## - ELEMENTOS DE ENTRADA ADICIONADOS (KOHA)
Tipo de material Koha Livros
Holdings
Situação do descarte Situação das perdas Situação física Não pode ser emprestado Biblioteca de origem Biblioteca atual Data de aquisição Total de empréstimos Número de chamada completo Código de barras Data de último acesso Data do preço efetivo Tipo de material Koha
        Leonardo Da Vinci - Osasco Leonardo Da Vinci - Osasco 27/03/2024   I P732s O002899 27/03/2024 27/03/2024 Livros